[Event "4NCL/Div4/NKN2 vs. ATH2 final"]
[Site "West Bromwich ENG"]
[Date "2003.05.25"]
[Round "10.1"]
[White "Thomas, Kevin"]
[Black "Weighell, Mark"]
[Result "0-1"]
[WhiteElo "1823"]
[BlackElo "2131"]
[PlyCount "70"]
[EventDate "2003.05.25"]

1. e4 e5 2. Bc4 Nf6 3. Nf3 Nc6 4. d3 Bc5 5. Nc3 d6 6. Be3 Nd4 7. Bxd4 exd4 8.
Ne2 Bb4+ 9. c3 dxc3 10. Qa4+ c6 11. Qxb4 cxb2 12. Qxb2 O-O 13. O-O b5 14. Bb3
a5 15. a4 b4 16. Rac1 Ba6 17. Bc4 Bxc4 18. Rxc4 d5 19. Rxc6 dxe4 20. dxe4 Nxe4
21. Qd4 Qe8 22. Rfc1 Nc3 23. R6xc3 bxc3 24. Nxc3 Qe6 25. Nb5 Rfd8 26. Qe5 Qb3
27. Qa1 Rd3 28. Nfd4 Qb4 29. Nf5 Qg4 30. Ne7+ Kf8 31. f3 Qg5 32. Nc6 Rc8 33. h4
Qd5 34. Nbd4 Rxd4 35. Qa3+ Qd6 0-1

[Event "4NCL/Div4/NKN2 vs. ATH2 final"]
[Site "West Bromwich ENG"]
[Date "2003.05.25"]
[Round "10.2"]
[White "Pedersen, Carsten"]
[Black "Arnold, Chris"]
[Result "1-0"]
[WhiteElo "1944"]
[BlackElo "1615"]
[PlyCount "63"]
[EventDate "2003.05.25"]

1. e4 c5 2. Nc3 Nc6 3. g3 g6 4. Bg2 Bg7 5. d3 d6 6. f4 e6 7. Nf3 Nge7 8. O-O
O-O 9. Be3 Rb8 10. e5 Nd5 11. Nxd5 exd5 12. c3 b6 13. d4 dxe5 14. fxe5 cxd4 15.
cxd4 Be6 16. Qd2 Ne7 17. Bg5 Qd7 18. Bf6 Nf5 19. Rae1 h6 20. Qf2 Rbc8 21. g4
Ne7 22. h3 a6 23. Re3 b5 24. Ra3 Rc6 25. Ne1 b4 26. Rb3 a5 27. Nd3 g5 28. Nc5
Qc7 29. a3 bxa3 30. Rb7 Qd8 31. Rxe7 Bxf6 32. exf6 1-0

[Event "4NCL/Div4/NKN2 vs. ATH2 final"]
[Site "West Bromwich ENG"]
[Date "2003.05.25"]
[Round "10.3"]
[White "Thomas, Joseff"]
[Black "Gostelow, David W"]
[Result "1/2-1/2"]
[WhiteElo "1574"]
[BlackElo "1944"]
[PlyCount "105"]
[EventDate "2003.05.25"]

1. e4 c5 2. d4 cxd4 3. c3 Nf6 4. e5 Nd5 5. Bc4 Qc7 6. Qe2 Nb6 7. Bb3 Nc6 8. Nf3
e6 9. O-O d3 10. Qe4 d5 11. exd6 Bxd6 12. Qg4 O-O 13. Nbd2 Ne5 14. Nxe5 Bxe5
15. Nf3 Bf6 16. Rd1 Rd8 17. Ne1 Bd7 18. Rxd3 Bc6 19. Rh3 Qe5 20. Bf4 Qf5 21.
Qxf5 exf5 22. Nf3 Bd5 23. Bxd5 Rxd5 24. Re1 h6 25. Be5 Bxe5 26. Rxe5 Rd1+ 27.
Re1 Rad8 28. Kf1 Na4 29. Nd4 Rxe1+ 30. Kxe1 Nxb2 31. Nxf5 Nd3+ 32. Kf1 Nf4 33.
Re3 Rd1+ 34. Re1 Rxe1+ 35. Kxe1 Nxg2+ 36. Kf1 Nf4 37. Nd6 b6 38. Nc8 Nd5 39. c4
Nb4 40. Nxa7 Nxa2 41. Nc8 Kf8 42. Nxb6 Ke7 43. Ke2 Nb4 44. Ke3 Kd6 45. Kd4 Nc6+
46. Kc3 Ne5 47. h3 g5 48. Nd5 g4 49. hxg4 Nxg4 50. f3 Ne5 51. f4 Nd7 52. Kd4 h5
53. Ke4 1/2-1/2

[Event "4NCL/Div4/NKN2 vs. ATH2 final"]
[Site "West Bromwich ENG"]
[Date "2003.05.25"]
[Round "10.4"]
[White "Blackie, Neville"]
[Black "Thomas, Jac"]
[Result "1-0"]
[WhiteElo "1768"]
[BlackElo "1406"]
[PlyCount "120"]
[EventDate "2003.05.25"]

1. e4 e5 2. Nf3 Nc6 3. Bb5 Nd4 4. Nxd4 exd4 5. O-O c6 6. Ba4 b5 7. Bb3 d5 8.
exd5 cxd5 9. Qe2+ Be7 10. Qxb5+ Kf8 11. Qxd5 Qxd5 12. Bxd5 Rb8 13. d3 Nf6 14.
Bb3 h5 15. Bf4 Rb5 16. Nd2 g5 17. Bc7 Rc5 18. Bb8 Ra5 19. Nc4 Rd5 20. Bxa7 Be6
21. Rae1 Bb4 22. Re5 Rd7 23. Bb6 g4 24. a3 Be7 25. Ba4 Rb7 26. Bxd4 h4 27. Ra5
Rh7 28. Ra8+ Kg7 29. Bc6 Rc7 30. Be4 Rh5 31. b3 Rd7 32. Bc3 Bc5 33. Kh1 g3 34.
fxg3 Bd4 35. Bxd4 Rxd4 36. Ra5 Rh6 37. Rg5+ Kf8 38. gxh4 Nxe4 39. dxe4 Bxc4 40.
bxc4 Rxc4 41. Rb5 Rh7 42. Rb4 Rxc2 43. e5 Ke7 44. g3 Re2 45. Ra1 Rxe5 46. a4
Ra5 47. Kg2 f5 48. Rab1 Ke6 49. Rb5 Rxb5 50. axb5 Rb7 51. Rb4 Kd5 52. Kf3 Ke5
53. b6 Kd5 54. Kf4 Ke6 55. h5 Kf6 56. h4 Ke6 57. h6 Kf6 58. h5 Rb8 59. b7 Kf7
60. Kxf5 Kg8 1-0

[Event "4NCL/Div4/NKN2 vs. ATH2 final"]
[Site "West Bromwich ENG"]
[Date "2003.05.25"]
[Round "10.6"]
[White "Aniecko, Colin"]
[Black "Dines, Sheila"]
[Result "1-0"]
[WhiteElo "1512"]
[BlackElo "1184"]
[PlyCount "45"]
[EventDate "2003.05.25"]

1. e4 e5 2. Nf3 Nc6 3. Nc3 Nf6 4. d4 exd4 5. Nxd4 Nxd4 6. Qxd4 c5 7. Qe5+ Be7
8. h3 d6 9. Qg3 O-O 10. Be2 g6 11. h4 h5 12. Bc4 Kh7 13. f3 Be6 14. Be2 d5 15.
e5 Qc7 16. f4 Ng4 17. Nxd5 Bxd5 18. Bxg4 hxg4 19. h5 Be6 20. hxg6+ Kxg6 21. f5+
Bxf5 22. Qf4 Qd7 23. Qh6# 1-0

[Event "4NCL/Div2/WRO vs. KHE"]
[Site "West Bromwich ENG"]
[Date "2004.09.18"]
[Round "1.1"]
[White "Tozer, Richard J D"]
[Black "McMichael, Richard"]
[Result "1/2-1/2"]
[WhiteElo "2302"]
[BlackElo "2272"]
[PlyCount "137"]
[EventDate "2004.09.18"]
[SourceDate "2004.09.21"]

1. d4 e6 2. c4 f5 3. g3 Nf6 4. Bg2 d5 5. Nf3 c6 6. O-O Bd6 7. b3 Qe7 8. a4 a5
9. Ba3 Bxa3 10. Nxa3 O-O 11. Nc2 Bd7 12. Nce1 Be8 13. Nd3 Bh5 14. Nfe5 Nbd7 15.
Rb1 Nxe5 16. Nxe5 Nd7 17. Nd3 g5 18. Qd2 Kh8 19. e3 Bg6 20. Rb2 Rf7 21. Rc1 h5
22. cxd5 exd5 23. b4 f4 24. exf4 Bxd3 25. Qxd3 axb4 26. fxg5 Qxg5 27. f4 Qe7
28. Re2 Qf6 29. Rce1 Nf8 30. Re5 Rh7 31. Rf5 Qg7 32. h4 Nd7 33. Rg5 Qf7 34. Qb3
Qf8 35. Re6 Qf7 36. Bh3 Nf6 37. Bf5 Ne4 38. Bxe4 Qxe6 39. Re5 Qg8 40. Bxh7 Qxh7
41. Qf3 Rg8 42. Kh2 Qf7 43. Rxh5+ Kg7 44. Qg4+ Kf8 45. Qc8+ Kg7 46. Rg5+ Kh8
47. Rxg8+ Qxg8 48. Qxb7 Qe8 49. f5 Qe2+ 50. Kh3 Qf1+ 51. Kg4 Qd1+ 52. Kg5 Qxd4
53. Qc8+ Kh7 54. Qxc6 Qe3+ 55. Kh5 b3 56. Qg6+ Kh8 57. Qf6+ Kg8 58. Qd8+ Kg7
59. Qd7+ Kf8 60. Qxd5 b2 61. Qb7 Qe5 62. g4 Qf6 63. Qb4+ Kg8 64. g5 Qxf5 65.
Qb8+ Qf8 66. Qxb2 Qf3+ 67. Kh6 Qf8+ 68. Kh5 Qf3+ 69. Kh6 1/2-1/2

[Event "4NCL/Div2/WRO vs. KHE"]
[Site "West Bromwich ENG"]
[Date "2004.09.18"]
[Round "1.2"]
[White "Thomas, Richard H"]
[Black "Gayson, Peter M"]
[Result "0-1"]
[WhiteElo "2232"]
[BlackElo "2256"]
[PlyCount "74"]
[EventDate "2004.09.18"]
[SourceDate "2004.09.21"]

1. d4 f5 2. e4 fxe4 3. Nc3 Nf6 4. Bg5 e6 5. Bxf6 Qxf6 6. Nxe4 Qg6 7. Ng3 Be7 8.
Nf3 d6 9. Bd3 Qf7 10. Qd2 O-O 11. O-O Nc6 12. Rae1 Bd7 13. Ne4 h6 14. c3 Qf4
15. Re3 Rae8 16. Ng3 Qf7 17. b4 Bf6 18. Ne4 Ne7 19. Nxf6+ Qxf6 20. Bc4 Ng6 21.
Rfe1 Kh8 22. Bf1 Bc6 23. b5 Bd7 24. a4 Nf4 25. c4 b6 26. g3 Ng6 27. h4 Ne7 28.
Bg2 Nf5 29. R3e2 Bc8 30. Rd1 Bb7 31. Ne1 Bxg2 32. Nxg2 e5 33. dxe5 dxe5 34. Ne1
Rd8 35. Qc1 Nxg3 36. Red2 Ne4 37. Re2 Rxd1 0-1

[Event "4NCL/Div2/WRO vs. KHE"]
[Site "West Bromwich ENG"]
[Date "2004.09.18"]
[Round "1.3"]
[White "Adams, David M"]
[Black "Kwiatkowski, Feliks J"]
[Result "1-0"]
[WhiteElo "2180"]
[BlackElo "2229"]
[PlyCount "59"]
[EventDate "2004.09.18"]
[SourceDate "2004.09.21"]

1. e4 c5 2. Nf3 Nc6 3. Bb5 g6 4. Bxc6 dxc6 5. d3 Bg7 6. h3 Nf6 7. O-O Nd7 8.
Nc3 e5 9. Be3 Qe7 10. Qd2 h6 11. Nh2 Nf8 12. f4 exf4 13. Rxf4 Be6 14. Rff1 Nd7
15. Nf3 g5 16. Qf2 O-O-O 17. d4 Nb6 18. d5 cxd5 19. Bxc5 Qd7 20. Bxb6 axb6 21.
exd5 Bxd5 22. Nxd5 Qxd5 23. Qxb6 Rd6 24. Qb4 Rhd8 25. Rae1 Rc6 26. c3 Qxa2 27.
Ra1 Qd5 28. Ra5 Qc4 29. Ra8+ Kc7 30. Qa5+ 1-0

[Event "4NCL/Div2/WRO vs. KHE"]
[Site "West Bromwich ENG"]
[Date "2004.09.18"]
[Round "1.4"]
[White "O'Shaughnessy, Conor"]
[Black "Arnott, Jonathan W"]
[Result "1/2-1/2"]
[WhiteElo "2189"]
[BlackElo "2127"]
[PlyCount "45"]
[EventDate "2004.09.18"]
[SourceDate "2004.09.21"]

1. Nf3 e6 2. b3 f5 3. Bb2 Nf6 4. c4 b6 5. g3 Bb7 6. Bg2 Be7 7. O-O O-O 8. d3
Qc8 9. Nc3 d6 10. Qc2 e5 11. e4 fxe4 12. dxe4 Qg4 13. h3 Qd7 14. Rad1 Nc6 15.
Nd5 Nxd5 16. exd5 Nb4 17. Qd2 a5 18. Bc3 Na6 19. Qe3 Nc5 20. Nd2 Qf5 21. Ne4
Nxe4 22. Qxe4 Qxe4 23. Bxe4 1/2-1/2

[Event "4NCL/Div2/WRO vs. KHE"]
[Site "West Bromwich ENG"]
[Date "2004.09.18"]
[Round "1.6"]
[White "Mackenzie, Colin"]
[Black "Cumbers, Paul"]
[Result "1/2-1/2"]
[WhiteElo "2144"]
[BlackElo "2118"]
[PlyCount "90"]
[EventDate "2004.09.18"]
[SourceDate "2004.09.21"]

1. Nf3 Nf6 2. c4 c5 3. Nc3 b6 4. g3 Bb7 5. Bg2 e6 6. O-O Be7 7. Re1 O-O 8. e4
d6 9. d4 cxd4 10. Nxd4 Qc8 11. Be3 Rd8 12. Rc1 Nbd7 13. Qe2 Nc5 14. f3 a6 15.
b4 Ncd7 16. f4 Qc7 17. Nd5 exd5 18. cxd5 Nc5 19. bxc5 bxc5 20. Nf5 Bf8 21. Bd4
Ne8 22. Ba1 Bc8 23. Nd4 Bd7 24. e5 Qa7 25. Nf3 Bg4 26. Qe4 Bxf3 27. Bxf3 Qe7
28. Qc2 g6 29. exd6 Qxd6 30. Qc3 Ng7 31. Qc4 h5 32. Be5 Qd7 33. d6 Rac8 34.
Qxa6 Bxd6 35. Red1 Nf5 36. Rxd6 Nxd6 37. Rd1 Qf5 38. Rxd6 c4 39. Rxd8+ Rxd8 40.
Qb6 Qd3 41. Qf6 Qb1+ 42. Kf2 Rd2+ 43. Be2 Rxe2+ 44. Kxe2 Qc2+ 45. Ke1 Qc1+
1/2-1/2

[Event "4NCL/Div2/WRO vs. KHE"]
[Site "West Bromwich ENG"]
[Date "2004.09.18"]
[Round "1.7"]
[White "Taylor, Robert K"]
[Black "Gilfillan, Andrew"]
[Result "1-0"]
[WhiteElo "2149"]
[BlackElo "2090"]
[PlyCount "58"]
[EventDate "2004.09.18"]
[SourceDate "2004.09.21"]

1. e4 d5 2. exd5 Nf6 3. b3 Bg4 4. f3 Bf5 5. Bb2 Qxd5 6. Bc4 Qa5 7. Nc3 c6 8.
Qe2 Nbd7 9. g4 Bxc2 10. d3 b5 11. Qxc2 bxc4 12. dxc4 g6 13. O-O-O Bh6+ 14. Kb1
O-O 15. Nh3 Rad8 16. g5 Bxg5 17. b4 Qxb4 18. Nxg5 Qxc4 19. Rhe1 Rfe8 20. Qf2
Nc5 21. Rxd8 Rxd8 22. Rxe7 Na4 23. Qe1 Nxb2 24. Kxb2 Qb4+ 25. Ka1 Rb8 26. Re2
a5 27. Nge4 a4 28. Nxf6+ Kg7 29. Nfe4 a3 {etc.} 1-0

[Event "4NCL/Div2/WRO vs. KHE"]
[Site "West Bromwich ENG"]
[Date "2004.09.18"]
[Round "1.8"]
[White "Connolly, Suzanne"]
[Black "Guo, Xi-Yang"]
[Result "0-1"]
[WhiteElo "2076"]
[BlackElo "1885"]
[PlyCount "50"]
[EventDate "2004.09.18"]
[SourceDate "2004.09.21"]

1. e4 g6 2. d4 Bg7 3. Nc3 d6 4. Be3 Nd7 5. Qd2 a6 6. O-O-O b5 7. f4 e6 8. Nf3
Ne7 9. Bd3 Bb7 10. Qf2 Rc8 11. Ne2 c5 12. c3 Qa5 13. Kb1 d5 14. e5 c4 15. Bc2
Qb6 16. g4 a5 17. Ng3 b4 18. cxb4 axb4 19. Ba4 Ra8 20. Bxd7+ Kxd7 21. b3 cxb3
22. axb3 Rhc8 23. Kb2 Ra3 24. Ra1 Qa5 25. Bd2 Rc3 {match result 1-0} 0-1

[Event "4NCL/Div2/BAR2 vs. PYO"]
[Site "West Bromwich ENG"]
[Date "2004.09.18"]
[Round "1.1"]
[White "Cox, John J"]
[Black "Martyn, Rafe"]
[Result "1/2-1/2"]
[WhiteElo "2314"]
[BlackElo "2322"]
[PlyCount "85"]
[EventDate "2004.09.18"]
[SourceDate "2004.09.21"]

1. d4 Nf6 2. c4 e6 3. Nf3 b6 4. e3 Bb7 5. Bd3 d5 6. O-O Be7 7. Nc3 O-O 8. cxd5
exd5 9. b3 Nbd7 10. Bb2 a6 11. Rc1 Bd6 12. Ne2 Qe7 13. Ng3 g6 14. Rc2 Ne4 15.
Qe2 f5 16. Rfc1 Rfc8 17. Nf1 f4 18. exf4 Bxf4 19. Re1 Re8 20. Ne5 Nxe5 21. dxe5
Bxe5 22. Bxe4 dxe4 23. Qc4+ Qf7 24. Bxe5 Rxe5 25. Qxf7+ Kxf7 26. Rxc7+ Re7 27.
Rec1 Rd8 28. Ne3 Rdd7 29. Rxd7 Rxd7 30. Nc4 Ke6 31. Kf1 Rc7 32. Rc2 Bd5 33. Ne3
Rxc2 34. Nxc2 Ke5 35. Ke2 a5 36. Kd2 g5 37. Ne3 Be6 38. Kc3 b5 39. a3 h5 40. b4
a4 41. Nc2 h4 42. g3 h3 43. Ne3 1/2-1/2

[Event "4NCL/Div2/BAR2 vs. PYO"]
[Site "West Bromwich ENG"]
[Date "2004.09.18"]
[Round "1.2"]
[White "Bigg, Andrew J"]
[Black "Pritchett, Craig W"]
[Result "0-1"]
[WhiteElo "2275"]
[BlackElo "2284"]
[PlyCount "84"]
[EventDate "2004.09.18"]
[SourceDate "2004.09.21"]

1. d4 Nf6 2. Bg5 e6 3. e4 h6 4. Bxf6 Qxf6 5. Nc3 Bb4 6. Qd3 c5 7. e5 Qe7 8. a3
Ba5 9. O-O-O cxd4 10. Ne4 O-O 11. Qg3 Nc6 12. Nf3 Bc7 13. Bb5 f5 14. exf6 Bxg3
15. fxe7 Bf4+ 16. Kb1 Nxe7 17. Rxd4 d5 18. Ng3 e5 19. Rdd1 Bg4 20. Be2 Bxg3 21.
fxg3 e4 22. Nd4 Bxe2 23. Nxe2 Rf2 24. Nf4 Rc8 25. c3 Rd8 26. Rhf1 Rxf1 27. Rxf1
Rd6 28. Re1 Kf7 29. c4 dxc4 30. Rxe4 b5 31. a4 a6 32. axb5 axb5 33. Kc2 g5 34.
Ne2 Nc6 35. Nc1 Re6 36. Rxe6 Kxe6 37. Kc3 Kd5 38. Na2 Kc5 39. Kd2 b4 40. Nc1
Kd4 41. Ne2+ Ke4 42. h3 Nd4 0-1

[Event "4NCL/Div2/BAR2 vs. PYO"]
[Site "West Bromwich ENG"]
[Date "2004.09.18"]
[Round "1.3"]
[White "Twyble, Michael S"]
[Black "Rendle, Thomas E"]
[Result "1/2-1/2"]
[WhiteElo "2228"]
[BlackElo "2258"]
[PlyCount "56"]
[EventDate "2004.09.18"]
[SourceDate "2004.09.21"]

1. d4 f5 2. g3 g6 3. Bg2 Nf6 4. c4 Bg7 5. Nf3 O-O 6. O-O d6 7. Nc3 Nc6 8. d5
Ne5 9. Nxe5 dxe5 10. Qb3 h6 11. Rd1 Kh8 12. c5 g5 13. Bd2 a6 14. Na4 Qe8 15.
Ba5 Bd7 16. Nc3 b6 17. cxb6 cxb6 18. Qxb6 e4 19. f3 Rb8 20. Qxa6 Rxb2 21. Rab1
Rxb1 22. Rxb1 e3 23. Bc7 Nh5 24. Qd3 f4 25. g4 Nf6 26. Be5 Qa8 27. Qd4 Qa6 28.
Rb6 Qa5 1/2-1/2

[Event "4NCL/Div2/BAR2 vs. PYO"]
[Site "West Bromwich ENG"]
[Date "2004.09.18"]
[Round "1.5"]
[White "Hodgson, John H"]
[Black "Bennet, William D"]
[Result "1-0"]
[WhiteElo "2230"]
[BlackElo "2084"]
[PlyCount "41"]
[EventDate "2004.09.18"]
[SourceDate "2004.09.21"]

1. e4 c5 2. Nf3 g6 3. d4 cxd4 4. Nxd4 Bg7 5. c4 Nc6 6. Be3 Nf6 7. Nc3 Ng4 8.
Qxg4 Nxd4 9. Qd1 e5 10. Nb5 O-O 11. Be2 Qh4 12. Nxd4 exd4 13. Bxd4 Qxe4 14.
Bxg7 Qxg2 15. Qd4 Qxh1+ 16. Kd2 Qxa1 17. Qf6 Qxa2 18. Bh6 Qa5+ 19. Kc1 Qa1+ 20.
Kc2 Qa4+ 21. Kb1 1-0

[Event "4NCL/Div2/BAR2 vs. PYO"]
[Site "West Bromwich ENG"]
[Date "2004.09.18"]
[Round "1.6"]
[White "Miller, Naomi K"]
[Black "Mack, Andrew"]
[Result "1/2-1/2"]
[WhiteElo "2080"]
[BlackElo "2251"]
[PlyCount "51"]
[EventDate "2004.09.18"]
[SourceDate "2004.09.21"]

1. e4 e6 2. d4 d5 3. Nc3 Nf6 4. Bg5 Be7 5. e5 Nfd7 6. h4 c5 7. Bxe7 Kxe7 8. f4
Qb6 9. Na4 Qa5+ 10. c3 cxd4 11. b4 Qc7 12. cxd4 a6 13. Nf3 Nc6 14. Rc1 Kf8 15.
a3 Qd8 16. Qc2 h6 17. Bd3 Kg8 18. g4 Qe7 19. Qb3 Nf8 20. Nb6 Rb8 21. Bxa6 bxa6
22. Rxc6 Rxb6 23. Rxc8 a5 24. Rc5 axb4 25. axb4 Qb7 26. O-O 1/2-1/2

[Event "4NCL/Div2/BAR2 vs. PYO"]
[Site "West Bromwich ENG"]
[Date "2004.09.18"]
[Round "1.7"]
[White "Flower, David"]
[Black "Poobalasingam, Peter S"]
[Result "0-1"]
[WhiteElo "2115"]
[BlackElo "2027"]
[PlyCount "70"]
[EventDate "2004.09.18"]
[SourceDate "2004.09.21"]

1. Nf3 e6 2. g3 Nf6 3. Bg2 Be7 4. O-O O-O 5. d3 d5 6. Nbd2 Nc6 7. e4 e5 8. c3
dxe4 9. dxe4 b6 10. Qa4 Bd7 11. Qc4 Bc5 12. b4 Bd6 13. a4 Qe8 14. Ba3 a6 15. h3
b5 16. Qe2 bxa4 17. Nc4 Na7 18. Nxd6 cxd6 19. Rfd1 Bc6 20. Nh4 Nb5 21. Qd3 Rd8
22. c4 Nd4 23. Bb2 Nb3 24. Rab1 a5 25. b5 Nc5 26. Qe3 Bxe4 27. Bxe4 Nfxe4 28.
Kg2 f5 29. f4 Qh5 30. fxe5 dxe5 31. Qf3 Qg5 32. Bc1 f4 33. Ba3 fxg3 34. Qg4
Rd2+ 35. Kg1 Qe3+ 0-1

[Event "4NCL/Div2/BAR2 vs. PYO"]
[Site "West Bromwich ENG"]
[Date "2004.09.18"]
[Round "1.8"]
[White "Hegarty, Sarah"]
[Black "Bhatia, Kanwal K"]
[Result "0-1"]
[WhiteElo "1880"]
[BlackElo "2086"]
[PlyCount "82"]
[EventDate "2004.09.18"]
[SourceDate "2004.09.21"]

1. e4 e5 2. Bc4 Nf6 3. d3 Bc5 4. Nf3 d6 5. Nc3 Bg4 6. Na4 Bb6 7. Nxb6 axb6 8.
c3 Nc6 9. h3 Bh5 10. g4 Bg6 11. Nh4 Na5 12. Bb5+ Nd7 13. Nf5 Bxf5 14. gxf5 Qf6
15. Rg1 h6 16. Qg4 Rg8 17. b4 Nb3 18. Rb1 Nxc1 19. Rxc1 Rxa2 20. Bc4 Ra3 21.
Kd2 Qg5+ 22. Qxg5 hxg5 23. Rxg5 Nf6 24. Rgg1 b5 25. Bxb5+ c6 26. Bc4 b5 27.
Bxb5 Ra2+ 28. Ke3 cxb5 29. Ra1 Rxa1 30. Rxa1 Ke7 31. Ra7+ Nd7 32. Kf3 Rc8 33.
Ra3 Rc7 34. Ke3 Nf6 35. Kd2 Nh5 36. Ra5 Rb7 37. h4 Nf4 38. Ra1 Rb6 39. Ke3 Rc6
40. Rc1 Ra6 41. Kd2 Ng2 0-1

[Event "4NCL/Div2/NWE2 vs. HKF1"]
[Site "West Bromwich ENG"]
[Date "2004.09.18"]
[Round "1.1"]
[White "Kennaugh, Charles W"]
[Black "Arkell, Keith C"]
[Result "0-1"]
[WhiteElo "2287"]
[BlackElo "2489"]
[PlyCount "138"]
[EventDate "2004.09.18"]
[SourceDate "2004.09.21"]

1. e4 c6 2. b3 d5 3. Bb2 dxe4 4. Nc3 Nf6 5. Nge2 Bf5 6. Ng3 Bg6 7. h4 h5 8. Qe2
Nbd7 9. Ngxe4 e6 10. g3 Nxe4 11. Nxe4 Bxe4 12. Qxe4 Nf6 13. Qf3 Qd5 14. Qxd5
cxd5 15. c4 O-O-O 16. Bxf6 gxf6 17. cxd5 Rxd5 18. Rc1+ Kb8 19. Bg2 Re5+ 20. Kd1
Ra5 21. a4 Bc5 22. Ke2 Bb6 23. Rc4 Rd8 24. Rhc1 Re5+ 25. Re4 Red5 26. Rc2 Bd4
27. Rf4 R5d6 28. Bf3 Rh8 29. Rc4 Be5 30. Rfe4 Ba1 31. Rc5 f5 32. Rec4 Rd7 33.
Rc2 Bd4 34. R5c4 a6 35. d3 Bf6 36. b4 Bd4 37. Rc1 Be5 38. b5 axb5 39. axb5 Bd4
40. Rb1 Bb6 41. Rb3 Rc7 42. Rxc7 Kxc7 43. Rc3+ Kb8 44. Rc4 Bc7 45. Ke3 Rh7 46.
d4 f6 47. Be2 Bb6 48. Bd3 Rd7 49. Be2 Rd5 50. Rb4 e5 51. Bxh5 Bxd4+ 52. Kf3 Rc5
53. Rb1 e4+ 54. Kf4 Bxf2 55. Be2 Bd4 56. h5 Rc2 57. Rd1 Bb6 58. Kxf5 Rxe2 59.
h6 Rh2 60. Kg6 e3 61. h7 f5 62. Rd7 e2 63. Re7 Bd4 64. b6 Kc8 65. Kxf5 Rxh7 66.
Rxe2 Bxb6 67. g4 Bd8 68. Kg6 Rc7 69. Re5 b6 0-1

[Event "4NCL/Div2/NWE2 vs. HKF1"]
[Site "West Bromwich ENG"]
[Date "2004.09.18"]
[Round "1.2"]
[White "Prie, Eric"]
[Black "van der Linden, Lukas"]
[Result "1-0"]
[WhiteElo "2441"]
[BlackElo "2263"]
[PlyCount "49"]
[EventDate "2004.09.18"]
[SourceDate "2004.09.21"]

1. d4 Nf6 2. Bg5 d5 3. e3 c5 4. Bxf6 gxf6 5. dxc5 Nc6 6. Nd2 Qa5 7. c3 Qxc5 8.
Ngf3 e6 9. e4 dxe4 10. Nxe4 Qe7 11. Bb5 Bd7 12. b4 O-O-O 13. Nc5 Be8 14. Qe2
Qc7 15. O-O Bxc5 16. bxc5 Rd5 17. Rfd1 Rxc5 18. a4 Rg8 19. Nd4 Rxc3 20. Qd2
Nxd4 21. Qxd4 Bc6 22. Qxc3 Rxg2+ 23. Kf1 Bxb5+ 24. axb5 Qxc3 25. Rac1 1-0

[Event "4NCL/Div2/NWE2 vs. HKF1"]
[Site "West Bromwich ENG"]
[Date "2004.09.18"]
[Round "1.3"]
[White "Hague, Ben"]
[Black "Berzinsh, Roland"]
[Result "0-1"]
[WhiteElo "2264"]
[BlackElo "2455"]
[PlyCount "66"]
[EventDate "2004.09.18"]
[SourceDate "2004.09.21"]

1. e4 e5 2. f4 d5 3. exd5 exf4 4. Nf3 Nf6 5. Bc4 Nxd5 6. O-O Be6 7. Bb3 c5 8.
d4 cxd4 9. Nxd4 Bc5 10. Kh1 Bxd4 11. Qxd4 O-O 12. Bxf4 Nc6 13. Qf2 Nxf4 14.
Qxf4 Nd4 15. Nc3 Nxb3 16. axb3 Qb6 17. Ne4 h6 18. Rf3 Rad8 19. Nf6+ Kh8 20. Qe4
gxf6 21. Rxf6 Kg7 22. Qf4 Rh8 23. Rf1 Rh7 24. Qg3+ Kh8 25. Qe5 Kg8 26. R6f3 Rg7
27. Rg3 Rxg3 28. Qxg3+ Kh7 29. h4 Qd4 30. c3 Qd3 31. Qf4 Bxb3 32. Rf3 Qd1+ 33.
Kh2 Qd6 0-1

[Event "4NCL/Div2/NWE2 vs. HKF1"]
[Site "West Bromwich ENG"]
[Date "2004.09.18"]
[Round "1.4"]
[White "Houska, Jovanka"]
[Black "Hulmes, David I"]
[Result "0-1"]
[WhiteElo "2375"]
[BlackElo "2206"]
[PlyCount "110"]
[EventDate "2004.09.18"]
[SourceDate "2004.09.21"]

1. e4 e5 2. Nf3 Nc6 3. Nc3 Nf6 4. g3 Bc5 5. Bg2 d6 6. d3 a6 7. h3 h6 8. O-O O-O
9. Be3 Bxe3 10. fxe3 Ne7 11. Nh4 Nh7 12. Nf5 Nxf5 13. exf5 c6 14. d4 Re8 15.
Kh2 Nf6 16. dxe5 Rxe5 17. e4 Qc7 18. Qd3 Bd7 19. Rad1 Ne8 20. Ne2 Rd8 21. c4
Bc8 22. Nc3 Nf6 23. Kh1 b6 24. g4 Bb7 25. Qg3 Qe7 26. h4 c5 27. Rfe1 Nxe4 28.
Bxe4 Bxe4+ 29. Kh2 Re8 30. Rd2 Bb7 31. Rxe5 dxe5 32. Nd5 Bxd5 33. cxd5 Rd8 34.
Kg2 c4 35. g5 hxg5 36. hxg5 Qb4 37. Qe3 c3 38. bxc3 Qg4+ 39. Qg3 Qxf5 40. d6
Qe6 41. Qh3 Rxd6 42. Rxd6 Qxd6 43. Qc8+ Qf8 44. Qxa6 Qd8 45. Kf3 g6 46. Qb5
Qxg5 47. Qxb6 Qf4+ 48. Ke2 Qc4+ 49. Kd2 Qxa2+ 50. Ke3 Qd5 51. Qc7 e4 52. c4
Qd3+ 53. Kf4 Qf3+ 54. Kg5 Qh5+ 55. Kf6 Qh4+ 0-1

[Event "4NCL/Div2/NWE2 vs. HKF1"]
[Site "West Bromwich ENG"]
[Date "2004.09.18"]
[Round "1.5"]
[White "Spence, David"]
[Black "Greet, Andrew N"]
[Result "0-1"]
[WhiteElo "2236"]
[BlackElo "2310"]
[PlyCount "106"]
[EventDate "2004.09.18"]
[SourceDate "2004.09.21"]

1. d4 Nf6 2. Nf3 e6 3. e3 b6 4. Bd3 Bb7 5. O-O Be7 6. c4 O-O 7. Nc3 d5 8. cxd5
exd5 9. b3 Nbd7 10. Bb2 a6 11. Ne5 Bd6 12. f4 Ne4 13. Bxe4 dxe4 14. Nxd7 Qxd7
15. f5 Rfe8 16. Qg4 f6 17. Rad1 Qf7 18. Rf2 Bd5 19. Rc2 c6 20. Rdc1 Qd7 21. Na4
Reb8 22. Nc3 Qe7 23. Kh1 b5 24. Nxd5 cxd5 25. Bc3 Rc8 26. Be1 Rxc2 27. Rxc2 Qd7
28. Bg3 Rc8 29. Re2 Rc1+ 30. Re1 Qc7 31. Rg1 Bxg3 32. hxg3 Rc2 33. Qh4 Rxa2 34.
g4 h6 35. Qh5 Qf7 36. Qh2 Rc2 37. Qb8+ Kh7 38. Ra1 Qc7 39. Qxc7 Rxc7 40. Rxa6
Rc3 41. Rd6 Rxe3 42. Rxd5 Rxb3 43. Kg1 e3 44. Kf1 Rb2 45. g3 h5 46. gxh5 b4 47.
Rb5 Kh6 48. d5 Kxh5 49. d6 Kg4 50. Rd5 Kf3 51. Ke1 Rb1+ 52. Rd1 Rxd1+ 53. Kxd1
e2+ 0-1

[Event "4NCL/Div2/NWE2 vs. HKF1"]
[Site "West Bromwich ENG"]
[Date "2004.09.18"]
[Round "1.6"]
[White "Crouch, Colin"]
[Black "Jowett, Peter"]
[Result "1-0"]
[WhiteElo "2378"]
[BlackElo "2184"]
[PlyCount "95"]
[EventDate "2004.09.18"]
[SourceDate "2004.09.21"]

1. d4 Nf6 2. c4 Nc6 3. Nf3 e6 4. e3 Bb4+ 5. Nbd2 O-O 6. Bd3 d6 7. O-O Bxd2 8.
Bxd2 e5 9. d5 e4 10. dxc6 exd3 11. Bc3 Ne4 12. Qxd3 Nxc3 13. cxb7 Bxb7 14. Qxc3
Bxf3 15. gxf3 Re8 16. Kh1 Qg5 17. Rg1 Qe5 18. Qxe5 Rxe5 19. Rgd1 Kf8 20. Rd2
Rc5 21. Rc1 Rb8 22. b3 Ra5 23. Rcc2 Re8 24. Rd5 Re5 25. Rxa5 Rxa5 26. f4 Ke7
27. Kg2 Ke6 28. e4 f5 29. f3 g5 30. exf5+ Rxf5 31. fxg5 Rxg5+ 32. Kf2 Rh5 33.
Ke3 Re5+ 34. Kf4 Kf6 35. h4 Ra5 36. Rd2 Ke6 37. Kg4 Kf6 38. f4 Kg6 39. a4 h5+
40. Kf3 Ra6 41. Ke4 Rb6 42. Rd3 Rb8 43. a5 Kf7 44. Kd5 Rg8 45. Kc6 Rg4 46. Kxc7
Rxh4 47. Kb7 Rxf4 48. Kxa7 1-0

[Event "4NCL/Div2/NWE2 vs. HKF1"]
[Site "West Bromwich ENG"]
[Date "2004.09.18"]
[Round "1.7"]
[White "Hanley, James"]
[Black "Broomfield, Matthew"]
[Result "1/2-1/2"]
[WhiteElo "2062"]
[BlackElo "2277"]
[PlyCount "102"]
[EventDate "2004.09.18"]
[SourceDate "2004.09.21"]

1. e4 Nf6 2. e5 Nd5 3. c4 Nb6 4. d4 d6 5. exd6 exd6 6. Nc3 Be7 7. Nf3 O-O 8.
Be3 Bg4 9. h3 Bh5 10. b3 Nc6 11. Be2 Bf6 12. g4 Bg6 13. h4 d5 14. c5 Nc8 15.
Qd2 Qd7 16. O-O-O h5 17. gxh5 Bxh5 18. Ne5 Bxe5 19. Bxh5 Bf6 20. Rdg1 N8e7 21.
Bg4 Nf5 22. Qd3 Nce7 23. Bg5 Kh8 24. Bh3 Qe6 25. Re1 Qc6 26. Bxf5 Nxf5 27. Qxf5
Bxd4 28. Qc2 Qxc5 29. Ne2 Qa3+ 30. Kb1 Bxf2 31. Ref1 Qc5 32. Qf5 Be3 33. Rh3
Rae8 34. Qd3 d4 35. Bxe3 dxe3 36. Rf5 Rd8 37. Rxc5 Rxd3 38. Nc1 Rd4 39. Re5 c5
40. Rexe3 c4 41. h5 a5 42. Ne2 Rg4 43. bxc4 Rxc4 44. Rb3 Re8 45. Rhe3 Rxe3 46.
Rxe3 Rc5 47. Re7 b5 48. Rxf7 Rxh5 49. Nf4 Rh1+ 50. Kc2 Rh2+ 51. Kb3 a4+ 1/2-1/2